00439nam a2200169Ia 4500008004100000020001800041050001600059100001800075245006800093245002100161260002000182260001200202260000900214300001600223300002000239300001000259170918s9999 xx 000 0 und d a9780192833822 bD314li 1972 aDefoe, Daniel 4aThe life and strange surprizing adventures of Robinson Crusoe / cby Daniel Defoe. aGreat Britain : bOxford, c1972 a316 pages : billustrations ; c17cm.